Your backyard is wild! (Record no. 8971)
[ view plain ]
| 000 -LEADER | |
|---|---|
| fixed length control field | 00814nam a22002057a 4500 |
| 003 - CONTROL NUMBER IDENTIFIER | |
| control field | OSt |
| 005 - DATE AND TIME OF LATEST TRANSACTION | |
| control field | 20260312004851.0 |
| 008 - FIXED-LENGTH DATA ELEMENTS--GENERAL INFORMATION | |
| fixed length control field | 260312b |||||||| |||| 00| 0 eng d |
| 020 ## - INTERNATIONAL STANDARD BOOK NUMBER | |
| International Standard Book Number | 978-0-14-241404-0 |
| 040 ## - CATALOGING SOURCE | |
| Original cataloging agency | DWCL GS lib |
| Transcribing agency | OC |
| 082 ## - DEWEY DECIMAL CLASSIFICATION NUMBER | |
| Classification number | Fic. F818j 2009 |
| 100 ## - MAIN ENTRY--PERSONAL NAME | |
| Personal name | CORWIN, JEFF |
| 245 ## - TITLE STATEMENT | |
| Title | Your backyard is wild! |
| Statement of responsibility, etc. | Jeff Corwin |
| 300 ## - PHYSICAL DESCRIPTION | |
| Extent | 96 p |
| Dimensions | 20 cm. |
| 520 ## - SUMMARY, ETC. | |
| Summary, etc. | follows siblings Lucy and Benjamin as they discover that urban environments, specifically New York City, are filled with diverse wildlife and plants. |
| 650 ## - SUBJECT ADDED ENTRY--TOPICAL TERM | |
| Topical term or geographic name entry element | that favors observation, ecological balance, and non-interference over traditional landscaping. |
| 650 ## - SUBJECT ADDED ENTRY--TOPICAL TERM | |
| Topical term or geographic name entry element | center on embracing unpredictability, fostering resilience, and accepting the natural cycle of life. |
| 700 ## - ADDED ENTRY--PERSONAL NAME | |
| Personal name | Jeff Corwin |
| 942 ## - ADDED ENTRY ELEMENTS (KOHA) | |
| Source of classification or shelving scheme | Dewey Decimal Classification |
| Koha item type | Fiction |
| Suppress in OPAC | No |
No items available.